5HLuxD.jpg

KING HENRY VIII SENIOR AND PRIMARY SCHOOL LIBRARY OPAC

Further Mathematics: (Record no. 1202)

000 -LEADER
fixed length control field 00965nam a22002297a 4500
005 - DATE AND TIME OF LATEST TRANSACTION
control field 20221103155602.0
008 - FIXED-LENGTH DATA ELEMENTS--GENERAL INFORMATION
fixed length control field 221103b ||||| |||| 00| 0 eng d
020 ## - INTERNATIONAL STANDARD BOOK NUMBER
International Standard Book Number 9781510421783
040 ## - CATALOGING SOURCE
Transcribing agency KH8
082 ## - DEWEY DECIMAL CLASSIFICATION NUMBER
Classification number 510 GOL
100 ## - MAIN ENTRY--PERSONAL NAME
Personal name Goldie, Sophie
Relator term Author
245 ## - TITLE STATEMENT
Title Further Mathematics:
Remainder of title further pure mathematics 1/
Statement of responsibility, etc. Sophie Goldie; Rose Jewell.
260 ## - PUBLICATION, DISTRIBUTION, ETC.
Place of publication, distribution, etc. London:
Name of publisher, distributor, etc. Hodder Education,
Date of publication, distribution, etc. 2018
300 ## - PHYSICAL DESCRIPTION
Extent 1 volume ;
Dimensions 25 cm.
440 ## - SERIES STATEMENT/ADDED ENTRY--TITLE
Title Cambridge international AS and A level further mathematics
520 ## - SUMMARY, ETC.
Summary, etc. Endorsed by Cambridge Assessment International Education to provide full support for Paper 1 of the syllabus for examination from 2020. Take mathematical understanding to the next level with this accessible series, written by experienced authors, examiners, and teachers
546 ## - LANGUAGE NOTE
Language note English
650 ## - SUBJECT ADDED ENTRY--TOPICAL TERM
Topical term or geographic name entry element Mathematics -- Textbooks
700 ## - ADDED ENTRY--PERSONAL NAME
Personal name Jewell, Rose
Relator term Author
700 ## - ADDED ENTRY--PERSONAL NAME
Personal name Porkess, Roger
Relator term Series editor
942 ## - ADDED ENTRY ELEMENTS (KOHA)
Source of classification or shelving scheme
Koha item type Teaching Resources
Holdings
Withdrawn status Lost status Source of classification or shelving scheme Damaged status Not for loan Collection code Permanent Location Current Location Shelving location Date acquired Total Checkouts Full call number Barcode Date due Date last seen Date last checked out Copy number Price effective from Koha item type
          Teaching Resources KH8 Senior School Library KH8 Senior School Library Staff Office 2022-11-03 3 510 GOL TRKHSL000021 2026-07-03 2025-06-10 2025-06-10 1 2022-11-03 Teaching Resources
          Teaching Resources KH8 Senior School Library KH8 Senior School Library Staff Office 2022-11-03 2 510 GOL TRKHSL000022   2025-05-28 2024-10-23 2 2022-11-03 Teaching Resources
          Teaching Resources KH8 Senior School Library KH8 Senior School Library Staff Office 2022-11-03 3 510 GOL TRKHSL000023   2025-07-03 2025-06-03 3 2022-11-03 Teaching Resources
          Teaching Resources KH8 Senior School Library KH8 Senior School Library Staff Office 2022-11-03 3 510 GOL TRKHSL000024 2026-07-03 2025-06-11 2025-06-11 4 2022-11-03 Teaching Resources
          Teaching Resources KH8 Senior School Library KH8 Senior School Library Staff Office 2022-11-03 5 510 GOL TRKHSL000025 2026-07-03 2025-09-03 2025-09-03 5 2022-11-03 Teaching Resources
          Teaching Resources KH8 Senior School Library KH8 Senior School Library Staff Office 2023-10-26   510 GOL TRKHSL004576   2023-10-26     2023-10-26 Teaching Resources
          Teaching Resources KH8 Senior School Library KH8 Senior School Library Staff Office 2024-06-11   510 GOL TRKHSL005504   2024-06-11     2024-06-11 Teaching Resources
          Teaching Resources KH8 Senior School Library KH8 Senior School Library Staff Office 2024-07-04 1 510 GOL TRKHSL005545   2024-12-03 2024-11-14   2024-07-04 Teaching Resources
          Teaching Resources KH8 Senior School Library KH8 Senior School Library Staff Office 2024-10-25 1 510 GOL TRKHSL005792 2025-07-04 2024-10-25 2024-10-25   2024-10-25 Teaching Resources

Powered By KH8 IT Dept